000 00496nam a2200193 a 4500
001 1757599321558
003 ACL
005 20250911193756.0
008 250911s1999##################000#0#eng##
020 _a9780521589710
082 0 4 _a791.430233
_bSTE
100 1 _aSterritt, David,
_eauthor.
245 1 0 _aThe Films of Jean-Luc Godard :
260 _bCambridge University Press,
_c1999.
300 _a320 pages
650 0 _aPerforming Arts.
942 _cENGLISH
040 _aACL
_beng
_cACL
999 _c586636
_d586636